000 00565nam a2200193 i 4500
001 65990
003 ES-MaACL
005 20250912063043.0
007 t|
008 040126s1968 sp |||| | cat d
100 1 _aFuster, Joan,
_d1922-1992
_9163689
245 1 0 _aConsells, proverbis i insolencies /
_cJoan Fuster.
260 _aBarcelona :
_bA.C.,
_c[1968]
300 _a175 p. ;
_c19 cm.
490 1 _aCol.leccio "Cara i Creu" ;
_v9
830 0 _aCol.leccio "Cara i Creu" ;
_v9
_9220034
852 _aES-MaACL
_jC-50866
999 _c65990
_d65990